La vida diaria de los romanos (Record no. 140980)

MARC details
000 -LEADER
campo de control de longitud fija 00564nam a2200181 i 4500
001 - NÚMERO DE CONTROL
campo de control 140980
003 - IDENTIFICADOR DE NÚMERO DE CONTROL
campo de control ES-MaACL
007 - CAMPO FIJO DE DESCRIPCIÓN FÍSICA--INFORMACIÓN GENERAL
campo de control de longitud fija t|
008 - DATOS DE LONGITUD FIJA--INFORMACIÓN GENERAL
campo de control de longitud fija 070918s1945 ag ||||1| spa d
100 1# - ENTRADA PRINCIPAL--NOMBRE DE PERSONA
Nombre de persona Wilkins, A. S.
9 (RLIN) 116855
245 13 - MENCIÓN DEL TÍTULO
Título La vida diaria de los romanos
Resto del título : (antigüedades romanas) /
Mención de responsabilidad, etc. A. S. Wilkins.
260 ## - PUBLICACIÓN, DISTRIBUCIÓN, ETC.
Lugar de publicación, distribución, etc. Buenos Aires :
Nombre del editor, distribuidor, etc. Atalaya,
Fecha de publicación, distribución, etc. [1945]
300 ## - DESCRIPCIÓN FÍSICA
Extensión 163 p. :
Otras características físicas il. ;
Dimensiones 20 cm.
490 1# - MENCIÓN DE SERIE
Mención de serie Humanidad Atalaya ;
Designación de volumen o secuencia 1
830 00 - PUNTO DE ACCESO ADICIONAL DE SERIE-TÍTULO UNIFORME
Título uniforme Humanidad (Atalaya)
Designación de volumen o secuencia 1
9 (RLIN) 220374
852 ## - LOCALIZACIÓN
Ubicación ES-MaACL
Número de control de estantería E-2048
Sublocalización o colección R.23046
Holdings
Estatus retirado Estado de pérdida Estado de daño No para préstamo Biblioteca de origen Biblioteca actual Ubicación en estantería Fecha de adquisición Fuente de adquisición Total de préstamos Signatura topográfica completa Código de barras Visto por última vez Precio de reemplazo Tipo de ítem Koha
        Biblioteca del Ateneo de Madrid Biblioteca del Ateneo de Madrid Depósito 2 17/01/2008     E-2048 1146696 23/02/2023 23/02/2023 Libro impreso